Statistics for Top 10 Swansea City Premier League Appearances

Click here to take the quiz!

General Stats

  • This quiz has been taken 30 times
  • The average score is 7 of 10

Answer Stats

PlayerApps% Correct
Gylfi Sigurðsson124
83%
Nathan Dyer163
83%
Ashley Williams181
79%
Łukasz Fabiański149
79%
Wayne Routledge198
75%
Neil Taylor131
71%
Àngel Rangel169
67%
Leon Britton149
67%
Federico Fernández117
46%
Ki Sung-yueng139
42%

Score Distribution

Percentile by Number Answered

Percent of People with Each Score

Your Score History

You have not taken this quiz